000 00736nam a2200265Ia 4500
003 OSt
005 20221006142922.0
006 a|||||r|||| 00| 0
007 ta
008 221006b |||||||| |||| 00| 0 eng d
020 _a0340394633
_c418.60
024 _a7,537
037 _cTextual
040 _aEASL
_cEASL
_beng
041 _2eng
_aeng
082 _aV42:594.N88, M9
100 _aWILIAMS Peter
_9648733
245 0 _aUnit 731
_b The Japanese army's secrets of secrets
260 _aLondon
_bHodder & Stoughton
_c1989
300 _a366p.
_ccm.
490 _v JEL
700 _a WALACE David
_9648734
942 _hV42:594.N88, M9
_cTEXL
_2CC
999 _c1075623
_d1075623